Word processing/ (Record no. 548300)
[ view plain ]
| 000 -LEADER | |
|---|---|
| fixed length control field | 00406nam a22001457a 4500 |
| 020 ## - INTERNATIONAL STANDARD BOOK NUMBER | |
| International Standard Book Number | 0-273-01938-4 |
| 082 ## - DEWEY DECIMAL CLASSIFICATION NUMBER | |
| Classification number | 652.5 |
| Author Mark | HOL |
| -- | L-2, P-155 |
| 100 ## - MAIN ENTRY--PERSONAL NAME | |
| Personal name | Hollerbach, Law |
| 9 (RLIN) | 44529 |
| 245 ## - TITLE STATEMENT | |
| Title | Word processing/ |
| Statement of responsibility, etc. | Hollerbach, Law |
| 260 ## - PUBLICATION, DISTRIBUTION, ETC. | |
| Place of publication, distribution, etc. | Britain, |
| Name of publisher, distributor, etc. | Pitman publishing ltd |
| Date of publication, distribution, etc. | 1983. |
| 300 ## - PHYSICAL DESCRIPTION | |
| Extent | 91p.: |
| Other physical details | ill,; |
| Dimensions | z10 cm. |
| 526 ## - STUDY PROGRAM INFORMATION NOTE | |
| Program name | 0 |
| Interest level | 0 |
| Reading level | 0 |
| Title point value | 652_500000000000000_HOL |
| 650 ## - SUBJECT ADDED ENTRY--TOPICAL TERM | |
| Topical term or geographic name entry element | MCE |
| 9 (RLIN) | 379 |
| 942 ## - ADDED ENTRY ELEMENTS (KOHA) | |
| Source of classification or shelving scheme | |
| Koha item type | Book |
| Withdrawn status | Lost status | Source of classification or shelving scheme | Damaged status | Not for loan | Permanent Location | Current Location | Date acquired | Total Checkouts | Full call number | Barcode | Date last seen | Price effective from | Koha item type |
|---|---|---|---|---|---|---|---|---|---|---|---|---|---|
| Military College of Engineering (MCE) | Military College of Engineering (MCE) | 08/26/2014 | 652.5 HOL | MCE-25734 | 08/26/2014 | 08/26/2014 | Book |
